000 00804nam a22002537a 4500
003 OSt
005 20210823102919.0
008 210317b 2020 dr 00| 0 spa d
020 _a9789945617481
040 _aDO-SdBNP
_bspa
_cBPMSU
082 4 _aRD863.44
_bC354o 2020
_222
100 1 _aCastor Paniagua, Luesmil
245 1 _aEl ojo del hechizo /
_cLuesmil Castor Paniagua
246 1 3 _aEl ojo del hechizo y otros relatos màgicoreligiosos
260 _aSanto Domingo :
_bSantuario,
_c2020.
300 _a136 p. ;
_c24 cm
500 _aIncluye datos biográficos del autor en la solapa de la cubierta
590 _aInventariado, 2021 /VM
650 4 _aCuentos dominicanos
650 4 _aLiteratura dominicana
650 4 _aLiteratura folklórica dominicana
910 _aVMateo V.
942 _2ddc
_cBK
999 _c13674
_d13674